Answers by the Letter - A - Statistics

General Stats
  • This quiz has been taken 298 times
  • The average score is 12 of 16
Answer Stats
Hint Answer % Correct
An _____ a day keeps the doctor away. Apple
98%
What is the only continent that is also a country? Australia
96%
What animal do many people confuse with llamas? Alpaca
93%
One of the main ingredients of guacamole is... Avocado
91%
What US state is the largest by land area? Alaska
86%
The first US state alphabetically Alabama
82%
Which zodiac sign is represented by a ram? Aries
81%
An account of a person's life written by that person Autobiography
79%
John and John Quincy ______ Adams
73%
Merida (from the movie "Brave") was very talented at this activity Archery
70%
This famous singer has albums titled "19" and "25" Adele
69%
A chef would wear this over their chef coat Apron
68%
What sea is located between Turkey and Greece? Aegean
57%
The first country alphabetically Afghanistan
54%
Fossilized tree resin Amber
45%
Make an effort to achieve or complete Attempt
33%
No matching quizzes found
Score Distribution
Percent of People with Each Score
Percentile by Number Answered
Your Score History
You have not taken this quiz